000 00297nam a2200121Ia 4500
008 191201s2014 xx 000 0 und d
100 _aSINGH, Jagroop
245 0 _aPrinciples of Banking BBA 5th Sem.
260 _aN. delhi
_bKalyani
_c2014
300 _aMisc
650 _aBBA
942 _2ddc
_cBK
_026
999 _c6216
_d6216